Estadística paso a paso (Registro nro. 3992)
[ vista simple ]
| 000 -LEADER | |
|---|---|
| fixed length control field | 01243 a2200241 4500 |
| 001 - CONTROL NUMBER | |
| control field | 45772 |
| 005 - DATE AND TIME OF LATEST TRANSACTION | |
| control field | 20260407155729.0 |
| 008 - FIXED-LENGTH DATA ELEMENTS--GENERAL INFORMATION | |
| fixed length control field | 260407a1990 arg spa d |
| 003 - CONTROL NUMBER IDENTIFIER | |
| control field | AR-UNSa-BCEJYS |
| 040 ## - CATALOGING SOURCE | |
| Original cataloging agency | AR-UNSa-BCEJYS |
| Language of cataloging | spa |
| Transcribing agency | AR-UNSa-BCEJYS |
| 080 ## - UNIVERSAL DECIMAL CLASSIFICATION NUMBER | |
| Universal Decimal Classification number | 519.2 |
| Common auxiliary subdivision | Probabilidades y estadística matemática<br/> |
| 020 ## - INTERNATIONAL STANDARD BOOK NUMBER | |
| International Standard Book Number | 968-24-3932-9 |
| 041 ## - LANGUAGE CODE | |
| Language code of text/sound track or separate title | spa |
| 100 1# - MAIN ENTRY--PERSONAL NAME | |
| Personal name | Christensen, Howard B. |
| 245 10 - TITLE STATEMENT | |
| Title | Estadística paso a paso |
| 250 ## - EDITION STATEMENT | |
| Edition statement | 2a. ed. |
| 264 #1 - PRODUCTION, PUBLICATION, DISTRIBUTION, MANUFACTURE, AND COPYRIGHT NOTICE | |
| Place of production, publication, distribution, manufacture | México : |
| Name of producer, publisher, distributor, manufacturer | Trillas |
| Date of production, publication, distribution, manufacture, or copyright notice | 1990 |
| 300 ## - PHYSICAL DESCRIPTION | |
| Extent | 682 p. |
| Dimensions | 23 cm. |
| 505 ## - FORMATTED CONTENTS NOTE | |
| Formatted contents note | 1. Recolección de datos – 2. Organización gráfica y resumen de los datos – 3. Resumen numérico de los datos – 4. Reglas básicas de la probabilidad – 5. Probabilidad de distribuciones de variables aleatorias – 6. Distribuciones de muestreos – 7. Estimación e intervalos de confianza – 8. Pruebas de las hipótesis acerca de las medias de distribuciones normales – 9. Datos categóricos y sus pruebas – 10. Análisis de la variable – 11. Regresión y correlación – 12. Pruebas no paramétricas - |
| 590 ## - LOCAL NOTE (RLIN) | |
| Local note | niveau_biblio:m niveau_hierar:0 |
| 856 41 - ELECTRONIC LOCATION AND ACCESS | |
| Uniform Resource Identifier | <a href="https://www.biblioeco.unsa.edu.ar/pmb/images/libros/L127174.jpg">https://www.biblioeco.unsa.edu.ar/pmb/images/libros/L127174.jpg</a> |
| Link text | Imagen de portada |
| Electronic format type | image/jpeg |
| 942 ## - ADDED ENTRY ELEMENTS (KOHA) | |
| Koha item type | |
| Withdrawn status | Lost status | Damaged status | Not for loan | Home library | Current library | Shelving location | Date acquired | Total checkouts | Full call number | Barcode | Date last seen | Price effective from | Koha item type |
|---|---|---|---|---|---|---|---|---|---|---|---|---|---|
| Biblioteca Prof. Eusebio Cleto del Rey | Biblioteca Prof. Eusebio Cleto del Rey | 07/04/2026 | 519.2 C554 2ed. | L127174 | 07/04/2026 | 07/04/2026 | Libro |